2025-2026 NFL WR1's - Statistics

General Stats
  • This quiz has been taken 602 times
  • The average score is 26 of 32
Answer Stats
Division Team Answer % Correct
NFC North Lions Amon-Ra St. Brown
99%
NFC East Cowboys Ceedee Lamb
98%
NFC East Eagles Devonta Smith
95%
NFC East Giants Malik Nabers
94%
AFC East Dolphins Tyreek Hill
94%
NFC North Vikings Justin Jefferson
93%
AFC North Bengals Jamar Chase
90%
NFC West Rams Puca Nacua
89%
NFC East Commanders Terry McLaurin
89%
AFC East Jets Garrett Wilson
88%
NFC South Buccaneers Mike Evans
88%
AFC East Patriots Stefon Diggs
87%
AFC North Ravens Zay Flowers
87%
NFC West Seahawks Jaxon Smith-Njigba
86%
AFC North Steelers DK Metcalf
85%
NFC West Cardinals Marvin Harrison Jr.
84%
NFC South Falcons Drake London
83%
NFC North Bears D.J. Moore
82%
NFC South Saints Chris Olave
81%
AFC South Texans Nico Collins
81%
AFC West Chiefs Xavier Worthy
81%
AFC West Broncos Courtland Sutton
79%
AFC South Jaguars Brian Thomas Jr.
75%
AFC East Bills Keon Coleman
75%
AFC South Colts Michael Pittman Jr.
75%
AFC North Browns Jerry Juedy
74%
AFC West Chargers Ladd McConkey
74%
NFC South Panthers Tetairoa McMillan
68%
NFC West 49ers Jauan Jennings
66%
AFC West Raiders Jakobi Meyers
63%
NFC North Packers Jayden Reed
63%
AFC South Titans Calvin Ridley
62%
No matching quizzes found
Score Distribution
Percent of People with Each Score
Percentile by Number Answered
Your Score History
You have not taken this quiz